Manual of endocrinology and metabolism (Record no. 32267)

MARC details
000 -LEADER
fixed length control field 00610nam a2200193Ia 4500
020 ## - INTERNATIONAL STANDARD BOOK NUMBER
ISBN 9781496322647
050 ## - CALL MARK
Classification number RC 648 .M36/
100 ## - STATEMENT OF RESPONSIBILITY--MAIN AUTHOR NAME
Personal name Edited by Norman Lavin
245 #0 - TITLE STATEMENT
Title Manual of endocrinology and metabolism
250 ## - EDITION / VOLUME STATEMENT
Edition / Volume statement 5th ed.
260 ## - PUBLICATION, DISTRIBUTION, ETC. (IMPRINT)
Place of publication Philadelphia
260 ## - PUBLICATION, DISTRIBUTION, ETC. (IMPRINT)
Name of publisher Wolters Kluwer
260 ## - PUBLICATION, DISTRIBUTION, ETC. (IMPRINT)
Year of publication 2019
300 ## - PHYSICAL DESCRIPTION
Number of Pages 1166 p
650 ## - SUBJECT ADDED ENTRY--TOPICAL TERM
Topical Term Endocrinology--Handbooks, manuals, etc. Endocrine glands--Diseases--Handbooks, manuals, etc. Metabolism--Disorders--Handbooks, manuals, etc.
942 ## - ADDED ENTRY ELEMENTS (KOHA)
Koha item type Books
Holdings
Withdrawn status Lost status Source of classification or shelving scheme Damaged status Not for loan Permanent Location Current Location Date acquired Accession Number Price effective from Koha item type
    Library of Congress Classification     NILE UNIVERSITY OF NIGERIA - MAIN LIBRARY NILE UNIVERSITY OF NIGERIA - MAIN LIBRARY 04/23/2025 0189193 04/23/2025 Books